Регионална библиотека "Любен Каравелов" - Русе

Антонио Вивалди (Запис номер 77639)

MARC детайли
000 -Лидер
Контролно поле с фиксирана дължина 01929nam a2200421 c 4500
003 - Код на организацията, давaща контролен номер
Контролно поле BLK
005 - Дата и час на последна редакция
Контролно поле 20230802121544.0
008 - Елементи от данни с фиксирана дължина
fixed length control field 180408b bul|||||r ||||||| ||bul||
010 ## - Наследен системен номер
LC control number KNG00082098000
020 ## - Международен стандартен номер на книга ISBN
Международен стандартен номер на книга ISBN 978-84-9819-908-6
-- издат.: Mediasat Group, S. A.
020 ## - Международен стандартен номер на книга ISBN
Международен стандартен номер на книга ISBN 978-84-9819-890-4
-- издат.: Mediasat Group, S. A. - (серия)
040 ## - Източник на каталожния запис
Идентификатор на билиотеката - собственик на записа BLK
041 ## - Код за език
Код за езика на текст/звукозапис или на отделно заглавие Български
Код за езика КДБФ Български
080 ## - УДК
Текстов определител УДК Музиканти-творци, композитори
УДК код - определител по УДК 78.071.1
УДК определител (45)(092)
УДК - код + определител 78.071.1(45)(092)
080 ## - УДК
Текстов определител УДК Венециански свещеник, бароков композитор и цигулар
УДК код - определител по УДК 929 Вивалди, Антонио
УДК определител
УДК - код + определител 929 Вивалди, Антонио
139 ## - Редно поле
Редна дума Беркович, Филип
Авторски знак Ви - В 55
245 10 - Сведения за заглавието
Заглавие Антонио Вивалди
Редно поле (дума) авт. на текста Филип Беркович; прев. Ваня Манчева-Вичик; ред. Лъчезар Каранлъков.
257 ## - Страна на издаване
Страна на създаване/издаване Италия
260 ## - Област на издателските данни
-- София
Име на издателя, разпространителя и проч. Mediasat Group, S. A.
Година на издаване 2007
Печатница Отпеч. в ЕС
300 ## - Физическа характеристика
Страници 43 с.
Илюстрации и др. с цв. ил.
Размери/Мащаб 13Х14 см
Съпровождащи материали CD
380 ## - Жанр
Жанр Изкуство
490 1# - СЕРИИ (Колекции)
Име на серия Шедьоври на класиката
№: серия 18
500 ## - Общи забележки
Забележка Кн. е с CD 1654
600 14 - Име на лице, използвано като предмет
За него / За нея Вивалди, Антонио
9 (RLIN) 47870
650 #4 - Допълнително описание по предмет – тема
Основно описание – тема или топоним Композитори, италиански
9 (RLIN) 276875
651 #4 - Допълнително описание по предмет - топоним
Географско понятие Италия
9 (RLIN) 178965
653 ## - Ключова дума – ненормативна
Ключова дума италиански композитори
653 ## - Ключова дума – ненормативна
Ключова дума Антонио Вивалди
700 1# - Други автори (авторска отговорност)
Лично име Беркович, Филип
Автороска отговорност (Описва отношението между автора и произведението) авт. на текста
9 (RLIN) 298407
700 1# - Други автори (авторска отговорност)
Лично име Манчева-Вичик, Ваня
Автороска отговорност (Описва отношението между автора и произведението) прев.
9 (RLIN) 298401
700 1# - Други автори (авторска отговорност)
Лично име Каранлъков, Лъчезар Тодоров
Дати, свързани с автора 1943-2022
Автороска отговорност (Описва отношението между автора и произведението) ред.
9 (RLIN) 76810
852 ## - Местоположение
Форматна сигнатура Цб І 32936
856 4# - Електронен адрес и достъп
Електронен формат pdf - файл
Път до файла /url/
856 4# - Електронен адрес и достъп
Електронен формат pdf - файл
Път до файла /url/
942 ## - АРТИКУЛИ
Вид на библиотечния материал Книги
Скрит в OPAC Не
944 ## - СЪЗДАВАНЕ И РЕДАКЦИЯ на ЗАПИСА
Създаване/Редакция Създаване
Дата на регистрацията/редакция 10.03.2008
Служител, извършил регистрацията/редакцията 30556
Статус, дата на статуса Теодора Пейчева-Дянкова
944 ## - СЪЗДАВАНЕ И РЕДАКЦИЯ на ЗАПИСА
Създаване/Редакция Редакция
Дата на регистрацията/редакция 08.01.2018
Служител, извършил регистрацията/редакцията Ирена_Линкова
999 ## - СИСТЕМНИ КОНТРОЛНИ НОМЕРА
Koha biblionumber 77639
Koha biblioitemnumber 77639
Наличности
Код за отписване Код за изгубен артикул Източник на класификационната схема Код за повреда Коз за рестрикции Код за отдаване Артикулен № Име на библиотеката - собственик Име на библиотеката, в която се намира в момента Статус (Текущо местоположение) Дата на вписване в системата Местоположение - отдел Цена в лева Инвентарен номер Систематично азбучна сигнатура Баркод Номер на екземпляра Цена в евро Служебна бележка Служебен тип на артикула
  Не е изгубен Universal Decimal Classification Не е повреден без рестрикции заемане за дома 125840 Регионална библиотека "Любен Каравелов" Русе Регионална библиотека "Любен Каравелов" Русе Отдел Изкуство - подръчен фонд 2008-03-10 Отдел Изкуство - подръчен фонд 4.90 120000724246 78.071.1(092)/В 55 120000724246 1 2.51 Дост: DA Вид: А N: 6 Дата: 10.03.2008 Дата инв: 06.04.2017 Бележки инв: ИП2017 Книги
  Не е изгубен Universal Decimal Classification Не е повреден само за читалня ползва се в читалня 125841 Регионална библиотека "Любен Каравелов" Русе Регионална библиотека "Любен Каравелов" Русе Хранилище 2008-03-10 Хранилище 4.90 120000724247 Цб І 38469 120000724247 2 2.51 Дост: DA Вид: А N: 6 Дата: 10.03.2008 Дата инв: 05.06.2012 Бележки инв: * Книги
Vip Innovations Ltd, Rousse, Bulgaria 2025